00537nam a2200193Ia 450000500170000000800410001702000180005804100120007608200160008810000210010424500720012525000120019726000350020930000200024465000200026465000190028465000240030365000160032720260429111928.0260429s9999||||xx |||||||||||||| ||und|| a9780415791793 aEnglish a791.43bCOL aColman, Felicity 0aFilm theory and philosophy : bthe key thinkers / cFelicity Colman a1st ed. aNew York : bRoutledge,c2009. axi, 404 p.; pbk a Cinema studies a Media studies a Philosophy of film aFilm theory